000 00479nam a22001577a 4500
003 NUST
038 _aSaba
082 _a200
_bMCS
100 _aNazir, Fakhera
_935200
245 _aFlood Monitoring / Detection Using Sar Image Analysis Techniques/
_cFakhera Nazir
260 _aIslamabad :
_bMCS-NUST,
_c2013.
300 _a61p.
_c30cm
650 _aMS-Computer Software Engineering - Flood Monitoring
_9126542
700 _aSupervisor:Dr. Fahim Arif
_9114276
942 _2ddc
_cSC
999 _c540915
_d540915